[Event "Brasschaat op 04th"]
[Site "Brasschaat"]
[Date "2004.08.21"]
[Round "1"]
[White "Van Bunderen, Gert"]
[Black "Beckers, Paul"]
[Result "1-0"]
[WhiteElo "1935"]
[BlackElo "1598"]
[PlyCount "43"]
[EventDate "2004.08.21"]
[EventType "swiss"]
[EventRounds "9"]
[EventCountry "BEL"]
[SourceTitle "EXT 2017"]
[Source "ChessBase"]
[SourceDate "2016.10.25"]
[SourceVersion "1"]
[SourceVersionDate "2016.10.25"]
[SourceQuality "1"]

1. e4 d6 2. d4 Nf6 3. Nc3 Nbd7 4. Nf3 e5 5. Bc4 h6 6. 0-0 c6 7. dxe5 dxe5 8. Qe2 Qc7 9. h3 Be7 10. Nh4 Nf8 11. Be3 g5 12. Nf5 Bxf5 13. exf5 0-0-0 14. Bxf7 Kb8 15. Qc4 N8d7 16. Bxa7+ Kc8 17. Be6 Bd6 18. a4 Nh5 19. a5 Nf4 20. Bb6 Qb8 21. Nb5 Nxe6 22. Na7+ 1-0

[Event "Brasschaat op 03rd"]
[Site "Brasschaat"]
[Date "2003.08.??"]
[Round "8"]
[White "Remijsen, Dave"]
[Black "Beckers, Paul"]
[Result "1/2-1/2"]
[WhiteElo "1725"]
[BlackElo "1600"]
[PlyCount "74"]
[EventDate "2003.08.24"]
[EventType "swiss"]
[EventRounds "9"]
[EventCountry "BEL"]
[SourceTitle "EXT 2017"]
[Source "ChessBase"]
[SourceDate "2016.10.25"]
[SourceVersion "1"]
[SourceVersionDate "2016.10.25"]
[SourceQuality "1"]

1. e4 d6 2. d4 Nf6 3. Nc3 e5 4. dxe5 dxe5 5. Qxd8+ Kxd8 6. Bg5 Bb4 7. 0-0-0+ Ke8 8. Bxf6 gxf6 9. Nd5 Bd6 10. Nxf6+ Kf8 11. g3 Kg7 12. Nd5 Nd7 13. Ne2 Nc5 14. Nec3 Bg4 15. Re1 Bf3 16. Rg1 a6 17. Bg2 Bxg2 18. Rxg2 c6 19. Ne3 Rhd8 20. Rd1 Bf8 21. f4 Rxd1+ 22. Kxd1 Rd8+ 23. Ke2 f6 24. fxe5 fxe5 25. Rf2 Ne6 26. Nf5+ Kh8 27. Rf3 Bb4 28. a3 Ba5 29. Rd3 Nd4+ 30. Nxd4 exd4 31. Nd1 c5 32. c3 Re8 33. Nf2 dxc3 34. bxc3 Re7 35. c4 Bc7 36. Rd5 b6 37. Nd3 Rxe4+ 1/2-1/2

[Event "Brasschaat op 03rd"]
[Site "Brasschaat"]
[Date "2003.08.??"]
[Round "4"]
[White "Thys, Marie Jeanne"]
[Black "Beckers, Paul"]
[Result "0-1"]
[WhiteElo "1301"]
[BlackElo "1600"]
[PlyCount "52"]
[EventDate "2003.08.24"]
[EventType "swiss"]
[EventRounds "9"]
[EventCountry "BEL"]
[SourceTitle "EXT 2017"]
[Source "ChessBase"]
[SourceDate "2016.10.25"]
[SourceVersion "1"]
[SourceVersionDate "2016.10.25"]
[SourceQuality "1"]

1. b3 e5 2. Bb2 d6 3. e3 Nf6 4. Nf3 Be7 5. Be2 c6 6. 0-0 Qc7 7. d3 h6 8. Nbd2 Nbd7 9. c4 Nf8 10. e4 g5 11. Re1 Ng6 12. h3 Be6 13. d4 0-0-0 14. d5 Bd7 15. Nh2 h5 16. Nhf3 Nh7 17. Nf1 Nf4 18. Ng3 g4 19. Nd2 gxh3 20. gxh3 Nxh3+ 21. Kf1 Qb6 22. Nh1 Rdg8 23. Nf3 Bg4 24. Kg2 Nf4+ 25. Kh2 Nxe2 26. Qxe2 Ng5 0-1

[Event "Brasschaat op 02nd"]
[Site "Brasschaat"]
[Date "2002.08.??"]
[Round "5"]
[White "Meulenbergs, Jef"]
[Black "Beckers, Paul"]
[Result "0-1"]
[WhiteElo "1786"]
[BlackElo "1612"]
[PlyCount "104"]
[EventDate "2002.08.??"]
[EventType "swiss"]
[EventRounds "7"]
[EventCountry "BEL"]
[SourceTitle "EXT 2005"]
[Source "ChessBase"]
[SourceDate "2004.11.15"]
[SourceVersion "1"]
[SourceVersionDate "2004.11.15"]
[SourceQuality "1"]

1. c4 Nf6 2. Nc3 d6 3. g3 e5 4. Bg2 c6 5. d3 h6 6. b4 Qc7 7. Rb1 Nbd7 8. a4 Rb8 9. Nf3 Be7 10. 0-0 Nf8 11. a5 b6 12. axb6 axb6 13. d4 Ng6 14. Ra1 0-0 15. Qd3 Bd7 16. Ne4 Rfc8 17. h4 Nxe4 18. Qxe4 f5 19. Qb1 e4 20. Ne1 d5 21. h5 Nf8 22. cxd5 cxd5 23. Qb3 Qc4 24. Qb2 Qxb4 25. Qa3 Qxa3 26. Bxa3 Bxa3 27. Rxa3 b5 28. Bh3 b4 29. Ra5 Rb5 30. Ra2 b3 31. Rb2 Rb4 32. Ng2 Rc2 33. Rfb1 Rxb2 34. Rxb2 Bb5 35. Ne3 Bc4 36. Bxf5 Ra4 37. Kf1 Ra1+ 38. Kg2 Ra2 39. Rxa2 bxa2 40. Nc2 Bxe2 41. g4 Bd3 42. Na1 Bc4 43. Kg3 Kf7 44. Kf4 Kf6 45. Ke3 g6 46. hxg6 Nxg6 47. f3 exf3 48. Bc2 Nh4 49. Kf2 Kg5 50. Kg3 f2 51. Kxf2 Kxg4 52. Bd1+ Kf4 0-1

[Event "Brasschaat op 01st"]
[Site "Brasschaat"]
[Date "2001.08.19"]
[Round "1"]
[White "Beckers, Paul"]
[Black "Van Bunderen, Gert"]
[Result "0-1"]
[WhiteElo "1640"]
[BlackElo "2037"]
[PlyCount "110"]
[EventDate "2001.08.19"]
[EventType "swiss"]
[EventRounds "7"]
[EventCountry "BEL"]
[SourceTitle "EXT 2017"]
[Source "ChessBase"]
[SourceDate "2016.10.25"]
[SourceVersion "1"]
[SourceVersionDate "2016.10.25"]
[SourceQuality "1"]

1. d4 f5 2. e4 fxe4 3. Nc3 Nf6 4. f3 exf3 5. Nxf3 e6 6. Bd3 c5 7. 0-0 cxd4 8. Ne4 Be7 9. Nxd4 Nxe4 10. Bxe4 Bf6 11. Qh5+ Ke7 12. Bg5 d5 13. Bxf6+ gxf6 14. Bd3 e5 15. Nf5+ Bxf5 16. Qxf5 Qb6+ 17. Kh1 Nd7 18. a4 a6 19. a5 Qc6 20. c3 Rag8 21. Rf2 Rg5 22. Qf3 e4 23. Qe3 Ne5 24. Be2 Rhg8 25. g3 Ng4 26. Bxg4 Rxg4 27. Raf1 R4g6 28. Qd4 Rc8 29. Rf5 Rd8 30. Rd1 Qe6 31. Rxd5 Rxd5 32. Qxd5 Qxd5 33. Rxd5 Ke6 34. Rd4 Ke5 35. Rd7 f5 36. Rxh7 Rd6 37. Re7+ Kd5 38. Rf7 Ke6 39. Rxb7 Rd1+ 40. Kg2 Rd2+ 41. Kf1 Rxh2 42. Rb6+ Ke5 43. b4 e3 44. Rxa6 Ke4 45. Re6+ Kf3 46. Kg1 Rg2+ 47. Kh1 Rxg3 48. Re5 f4 49. a6 Kf2 50. Ra5 e2 51. Ra2 Kf1 52. Rxe2 Kxe2 53. a7 Kf2 54. Kh2 Rg7 55. Kh3 Rxa7 0-1